00469 a2200205 4500260001000000630002500010037001300035650002800048100001800076260001000094245006300104300001100167650001900178650001100197260000900208300000900217100000700226037001200233020001800245 aParis a657 - Comptabilité b1, Achat a6 - SCIENCES APPLIQUEES aObert, Robert bDunod aPratique internationale de la comptabilité et de l'audit a307 p. aComptabilité aAudit  c1994 b24cm lFr aDe 8310 a2 10 002214 8